Catálogo público

Casos de investigación: (Record no. 218332)

MARC details
000 -CABECERA
campo de control de longitud fija 00899 a2200253 4500
003 - IDENTIFICADOR DEL NÚMERO DE CONTROL
campo de control OSt
005 - FECHA Y HORA DE LA ÚLTIMA TRANSACCIÓN
campo de control 20230728092423.0
008 - DATOS DE LONGITUD FIJA--INFORMACIÓN GENERAL
campo de control de longitud fija 230214s2018 mx ad||f |||| 001 0 spa d
020 ## - NÚMERO INTERNACIONAL ESTÁNDAR DEL LIBRO
Número Internacional Estándar del Libro 9786075381022 (Alfaomega)
020 ## - NÚMERO INTERNACIONAL ESTÁNDAR DEL LIBRO
Número Internacional Estándar del Libro 9788417129163 (ASIC)
040 ## - FUENTE DE LA CATALOGACIÓN
Centro/agencia transcriptor CHAP
082 00 - NÚMERO DE LA CLASIFICACIÓN DECIMAL DEWEY
Número de edición 22
Número de clasificación 658.83
Número de documento/Ítem G21
100 1# - ENTRADA PRINCIPAL--NOMBRE DE PERSONA
9 (RLIN) 129179
Nombre de persona García Ferrer, Gemma
245 10 - MENCIÓN DE TÍTULO
Título Casos de investigación:
Resto del título una práctica empresarial /
Mención de responsabilidad, etc. por Gemma García Ferrer
264 #1 - PRODUCCIÓN, PUBLICACIÓN, DISTRIBUCIÓN, FABRICACIÓN Y COPYRIGHT
Producción, publicación, distribución, fabricación y copyright México:
Nombre del de productor, editor, distribuidor, fabricante Alfaomega:
-- ESIC,
Fecha de producción, publicación, distribución, fabricación o copyright 2018.
300 ## - DESCRIPCIÓN FÍSICA
Extensión 230 páginas :
Otras características físicas Ilustraciones, cuadros, gráficas, tablas
490 1# - MENCIÓN DE SERIE
Mención de serie Ciencias Económico Administrativas.
504 ## - NOTA DE BIBLIOGRAFÍA, ETC.
Nota de bibliografía, etc. Incluye índice y bibliografía
650 #2 - PUNTO DE ACCESO ADICIONAL DE MATERIA--TÉRMINO DE MATERIA
9 (RLIN) 125488
Término de materia o nombre geográfico como elemento de entrada Técnicas de mercadeo
650 #4 - PUNTO DE ACCESO ADICIONAL DE MATERIA--TÉRMINO DE MATERIA
9 (RLIN) 161965
Término de materia o nombre geográfico como elemento de entrada Análisis de mercado
650 #4 - PUNTO DE ACCESO ADICIONAL DE MATERIA--TÉRMINO DE MATERIA
9 (RLIN) 142634
Término de materia o nombre geográfico como elemento de entrada Mercadeo
Subdivisión general Investigación
830 #0 - PUNTO DE ACCESO ADICIONAL DE SERIE-TÍTULO UNIFORME
9 (RLIN) 187687
Título uniforme Ciencias Económico Administrativas.
Nombre de parte o sección de la obra Negocios
942 ## - ELEMENTOS DE PUNTO DE ACCESO ADICIONAL (KOHA)
Tipo de ítem Koha Libro
Fuente del sistema de clasificación o colocación Dewey Decimal Classification
Holdings
Estado de retiro Estado de pérdida Fuente del sistema de clasificación o colocación Estado dañado Restricciones de uso No para préstamo Código de colección Localización permanente Ubicación/localización actual Ubicación en estantería Fecha de adquisición Total de préstamos Signatura topográfica completa Código de barras Fecha visto por última vez Precio válido a partir de Tipo de ítem Koha Número de copia
    Dewey Decimal Classification   Préstamo 15 días   General Biblioteca Central Biblioteca Central Planta principal - Colección General 25/07/2023   658.83 G21 33724002577264 25/07/2023 25/07/2023 Libro  
    Dewey Decimal Classification   Préstamo 15 días   General Biblioteca Central Biblioteca Central Planta principal - Colección General 25/07/2023   658.83 G21 33724002577223 25/07/2023 25/07/2023 Libro c.2